| 000 | 05231nam0a2200445 4500 | ||
|---|---|---|---|
| 001 | RU\NLR\BIBL_A\012831584 | ||
| 005 | 20220707160645.0 | ||
| 010 |
_a978-5-7422-7504-6 _922 |
||
| 021 |
_aRU _bКН-П-22-022116 _9КН-П-22-1894 |
||
| 035 | _a(NLR Aleph) 012831584 | ||
| 035 | _a(RuMoRGB)011035952 | ||
| 090 |
_a12360730 _c12360730 |
||
| 100 | _a20220628d2021 k y0rusy50 ca | ||
| 101 | 0 |
_arus _aeng |
|
| 102 | _aRU | ||
| 105 | _aa z 100zy | ||
| 181 | 0 |
_ai3 _baxxe |
|
| 182 | 0 | _an | |
| 200 | 1 |
_aИндустрия 5.0, цифровая экономика и интеллектуальные экосистемы _e(Экопром - 2021) _eсборник трудов Всероссийской (Национальной) научно-практической конференции, 18-20 ноября 2021 года _fМинистерство науки и высшего образования Российской Федерации, Институт промышленного менеджмента, экономики и торговли, Высшая инженерно-экономическая школа, Карагандинский государственный университет имени Е. А. Букетова, Таджикский технический университет имени М. С. Осими, Русское академическое общество Эстонии (Таллинн, Эстония) [и др.] _gпод ред. д-ра экон. наук, проф. Д. Г. Родионова, д-ра экон. наук, проф. А. В. Бабкина |
|
| 203 |
_aТекст _bвизуальный _cнепосредственный |
||
| 210 |
_aСанкт-Петербург _cПолитех-пресс _cСанкт-Петербургский политехнический университет Петра Великого _d2021 |
||
| 215 |
_a809 с. _cил., табл. _d29 |
||
| 300 | _aЧасть текста парал. рус., англ. | ||
| 320 | _aБиблиогр. в конце ст. | ||
| 330 | _aВ сборник трудов включены материалы IV Всероссийской (Национальной) научно-практической конференции и XIX сетевой конференции с международным участием ЭКЭКОПРОМ-2021 <Индустрия 5.0, цифровая экономика и интеллектуальные экосистемы>, организованной Высшей инженерно-экономической школой Санкт-Петербургского политехнического университета Петра Великого совместно с рядом научных организаций, вузов, предприятий промышленности. В сборнике научных трудов представлены материалы по теории и практике развития цифровой экономики в современных условиях воздействия глобальных вызовов, в том числе и пандемии Covid-19 | ||
| 606 | 1 |
_aИнформационная экономика _jСъезды, совещания и т.п _92085223 _3RU\NLR\AUTH\661261337 |
|
| 686 | 1 | _aУ39(0)я431 | |
| 702 | 1 |
_aРодионов _bД. Г. _gДмитрий Григорьевич _4340 |
|
| 711 | 1 | 2 |
_a"Индустрия 5.0, цифровая экономика и интеллектуальные экосистемы", сетевая конференция с зарубежным участием _d19 _eСанкт-Петербург _f2021 _9803384 _3RU\NLR\AUTH\880568416 |
| 711 | 1 | 2 |
_a"Индустрия 5.0, цифровая экономика и интеллектуальные экосистемы", всероссийская (национальная) научно-практическая конференция _eСанкт-Петербург _f2021 _9803386 _3RU\NLR\AUTH\880568417 |
| 712 | 0 | 2 |
_4557 _aСанкт-Петербургский политехнический университет Петра Великого _bИнститут промышленного менеджмента, экономики и торговли _bВысшая инженерно-экономическая школа _9623626 _3RU\NLR\AUTH\880481539 |
| 712 | 0 | 2 |
_4570 _aКарагандинский государственный университет им. Е. А. Букетова _9721178 _3RU\NLR\AUTH\880529614 |
| 712 | 0 | 2 |
_4570 _aТаджикский технический университет им. М. С. Осими _cДушанбе _9570356 _3RU\NLR\AUTH\880453374 |
| 712 | 0 | 2 |
_4570 _aРусское академическое общество Эстонии _cТаллин _9334759 _3RU\NLR\AUTH\8810225066 |
| 712 | 0 | 2 |
_4570 _aМеждународный союз экономистов _9304364 _3RU\NLR\AUTH\8815602 |
| 942 | _cBOOK | ||
| 980 | _aNB | ||